000 00871nam a22002417a 4500
001 20490
003 UA-OsUOA
005 20220626224900.0
007 ta
008 20031031b un ||||| |||| 00| 0 ukr d
040 _aUA-OsUOA
_brus
_cUA-OsUOA
_dUA-OsUOA
041 _arus
044 _aRU
080 _a910.4(091)(40+571)
090 _a910.4(091)(40+571)
_bЕ91
100 _aЕфимов А. В.
245 _aИз истории великих русских географических открытий в Северном Ледовитом и Тихом океанах: XVII-й-первая половина XVIII в.
260 _aМосква
_bГосударственное издательство географической литературы
_c1950
300 _a319 с.
_bІлюстрації
650 7 _2UDC
942 _cBK
_2udc
955 _a0
999 _c306669
_d306669